000 00616nam a2200133 a 4500
008 090728s2008 ||||||||||||||||| || u
050 _aIFAD(02)
110 _aInternational Fund for Agricultural Department
245 1 0 _aEnabling poor rural people to overcome poverty: our goal is to empower poor rural women and men........
260 _aRome
_bInternational fund for Agricultural Department
_c2008
300 _a24p. ;ill
350 _a0.00
995 _D0.00
_FCBU-MAIN LIBRARY (Kitwe)
_H1
_I0.00
_M1
_UAVAILABLE
_WAug 6, 2009
_ZInternational Publications
999 _c41803
_d41803